00651nam a2200217Ia 4500003000400000005001700004008004100021020002900062040001700091082002100108100001800129245004400147250001200191260002800203300001600231650001400247650002400261942000900285952012600294999001300420IIN20240102124629.0231217s9999 xx 000 0 und d cRs.695.00a9788184482133 aIINbEnglish a615.854 bJOS1 a Joshi, Y. K.1 aBasics of Clinical NutritioncY K Joshi a 2nd ed bJaypeeaNew Delhic2009 axii, 451 p.1 aNutrition aNutritionvClinical cBOOK 00102ddc40708Purches BookaIINbIINd2023-12-17g695.00l0o615.854 JOSp95r2023-12-17 21:32:12w2023-12-17yBOOK c100d100